|
|
|
|
| LEADER |
00000cam a2200000 7i4500 |
| 001 |
0000003683 |
| 005 |
20230516.0 |
| 008 |
991206 mau eng |
| 020 |
|
|
|a 0201567660 (pbk)
|
| 040 |
|
|
|a INS
|
| 090 |
0 |
0 |
|a QA76.76.U84
|b .K37 1991
|
| 100 |
1 |
|
|a Kamin, Jonathan
|
| 245 |
1 |
0 |
|a PC Tools 7.0 at work
|c Jonathan Kamin
|
| 260 |
|
|
|a Reading, Mass. :
|b Addison-Wesley Publ. ,
|c 1991
|
| 300 |
|
|
|a xxii, 554 p. :
|b ill. ;
|c 24 cm.
|
| 500 |
|
|
|a Includes index
|
| 650 |
|
0 |
|a Computer programs
|
| 650 |
|
0 |
|a PC Tools (Computer program)
|
| 650 |
|
0 |
|a Utilities (Computer program)
|
| 999 |
|
|
|a 0000005592
|b BOOK
|c Open Shelf
|e Default branch
|